Countries with Wild Monkeys - Statistics

General Stats
  • This quiz has been taken 100 times
    99 since last reset
  • The average score is 93 of 104
Answers on the Map
Answers color-coded by a green-red scale on the quiz's map according to % correct below.
 
Answer Stats
Answer % Correct
Mexico
99%
China
97%
India
97%
Japan
97%
South Africa
97%
Bangladesh
96%
Brazil
96%
Chad
96%
Colombia
96%
Costa Rica
96%
Ghana
96%
Nepal
96%
Niger
96%
Pakistan
96%
Peru
96%
Sudan
96%
United States
96%
Algeria
94%
Argentina
94%
Bolivia
94%
Cambodia
94%
Democratic Republic of the Congo
94%
Guatemala
94%
Guyana
94%
Indonesia
94%
Laos
94%
Mali
94%
Nigeria
94%
Panama
94%
Paraguay
94%
Somalia
94%
Sri Lanka
94%
Suriname
94%
Thailand
94%
Uruguay
94%
Venezuela
94%
Vietnam
94%
Angola
93%
Bhutan
93%
Botswana
93%
Central African Republic
93%
Cuba
93%
Ecuador
93%
Ethiopia
93%
Guinea
93%
Kenya
93%
Malaysia
93%
Morocco
93%
Myanmar
93%
Namibia
93%
Philippines
93%
Republic of the Congo
93%
Tunisia
93%
Zambia
93%
Belize
91%
Benin
91%
Burkina Faso
91%
Gabon
91%
Honduras
91%
Nicaragua
91%
Senegal
91%
South Sudan
91%
Tanzania
91%
Togo
91%
Zimbabwe
91%
Burundi
90%
El Salvador
90%
Equatorial Guinea
90%
Eswatini
90%
Lesotho
90%
Malawi
90%
Mauritania
90%
Mozambique
90%
Taiwan
90%
Uganda
90%
Afghanistan
88%
Djibouti
88%
Eritrea
88%
Gambia
88%
Libya
88%
Rwanda
88%
Bahamas
87%
Cameroon
87%
Guinea-Bissau
87%
Dominican Republic
86%
Liberia
86%
Ivory Coast
84%
São Tomé and Príncipe
83%
Sierra Leone
83%
Cape Verde
81%
Brunei
78%
Mauritius
75%
Trinidad and Tobago
75%
Saint Kitts and Nevis
71%
Barbados
70%
East Timor
70%
Yemen
68%
Antigua and Barbuda
61%
Grenada
61%
Palau
48%
No matching quizzes found
Score Distribution
Percent of People with Each Score
Percentile by Number Answered
Your Score History
You have not taken this quiz since the last reset